The elements of research

This book derives from a background of more then eighteen years of experience with graduate students, with many research methods

Enregistré dans:
Détails bibliographiques
Auteur principal: Whitney, Frederick Lamson
Format: Livre
Langue:Undetermined
Publié: New York Prentice-Hall 1950
Sujets:
Tags: Ajouter un tag
Pas de tags, Soyez le premier à ajouter un tag!
Thư viện lưu trữ: Trung tâm Học liệu Trường Đại học Cần Thơ
LEADER 00666nam a2200193Ia 4500
001 CTU_219814
008 210402s9999 xx 000 0 und d
082 |a 370.78 
082 |b W617 
100 |a Whitney, Frederick Lamson 
245 4 |a The elements of research 
245 0 |c Frederick Lamson Whitney 
260 |a New York 
260 |b Prentice-Hall 
260 |c 1950 
520 |a This book derives from a background of more then eighteen years of experience with graduate students, with many research methods 
650 |a Educational research,Nghiên cứu giáo dục 
904 |i Nguyên 
980 |a Trung tâm Học liệu Trường Đại học Cần Thơ